[Event "4NCL Division 1c"]
[Site "Puma Hotel, Hinckley Island EN"]
[Date "2013.05.06"]
[Round "11.122"]
[White "Colovic, Aleksandar"]
[Black "Chapman, Terry PD"]
[Result "1/2-1/2"]
[WhiteElo "2484"]
[BlackElo "2293"]
[PlyCount "86"]
[EventDate "2013.05.06"]
[WhiteTeam "Cheddleton 1"]
[BlackTeam "Barbican 4NCL 2"]

1. d4 Nf6 2. c4 c5 3. d5 b5 4. Qc2 bxc4 5. e4 e6 6. Bxc4 exd5 7. exd5 Qe7+ 8.
Ne2 Qe4 9. Qb3 Ba6 10. Bxa6 Nxa6 11. Nbc3 Qb4 12. Qd1 Bd6 13. Qd3 Nc7 14. Bg5
O-O-O 15. Bxf6 gxf6 16. O-O Rde8 17. Rfd1 h5 18. Ng3 Bxg3 19. hxg3 Rhg8 20. Qf3
Qg4 21. Qxg4 Rxg4 22. d6 Na6 23. f3 Rb4 24. Rd2 Re6 25. Rc1 Kb7 26. Ne4 Kb6 27.
Rcc2 h4 28. Rd5 Rbxe4 29. fxe4 Nb4 30. Rcxc5 Nxd5 31. Rxd5 Rxe4 32. Kf2 Kc6 33.
Ra5 Kb6 34. Rf5 Rd4 35. Rxf6 Rd2+ 36. Kf3 Rxb2 37. Rxf7 Kc6 38. Rh7 Rxa2 39.
Rxh4 Ra3+ 40. Kf2 Ra2+ 41. Kf3 Ra3+ 42. Ke2 Ra2+ 43. Kf3 Ra3+ 1/2-1/2